Imotional intelligence at work : (Record no. 136021)

MARC details
000 -LEADER
fixed length control field 00734nam a22002537a 4500
003 - CONTROL NUMBER IDENTIFIER
control field 0
005 - DATE AND TIME OF LATEST TRANSACTION
control field 20180804115700.0
008 - FIXED-LENGTH DATA ELEMENTS--GENERAL INFORMATION
fixed length control field 0
010 ## - LIBRARY OF CONGRESS CONTROL NUMBER
LC control number B-119583
020 ## - INTERNATIONAL STANDARD BOOK NUMBER
Terms of availability 00.00
International Standard Book Number 8178292351
035 ## - SYSTEM CONTROL NUMBER
System control number B-119583, B-119584
037 ## - SOURCE OF ACQUISITION
Source of stock number/acquisition Cen Lib/Ret
040 ## - CATALOGING SOURCE
Original cataloging agency DPL
Language of cataloging EN
Transcribing agency 0
082 ## - DEWEY DECIMAL CLASSIFICATION NUMBER
Classification number 158.7
Item number DAL
100 ## - MAIN ENTRY--PERSONAL NAME
Personal name Dalip Singh
9 (RLIN) 100557
245 ## - TITLE STATEMENT
Title Imotional intelligence at work :
Statement of responsibility, etc by Dalip Singh
Remainder of title a professional guide /
250 ## - EDITION STATEMENT
Edition statement 2nd ed
260 ## - PUBLICATION, DISTRIBUTION, ETC. (IMPRINT)
Place of publication, distribution, etc New Delhi
Name of publisher, distributor, etc Response Books
Date of publication, distribution, etc 2005
270 ## - ADDRESS
City New Delhi
Address B-42 Panchsheel Encalve
Postal code 110017
300 ## - PHYSICAL DESCRIPTION
Extent 296p.
Dimensions 21cm(Hb)
650 ## - SUBJECT ADDED ENTRY--TOPICAL TERM
Topical term or geographic name as entry element Psychology
9 (RLIN) 100558
650 ## - SUBJECT ADDED ENTRY--TOPICAL TERM
Topical term or geographic name as entry element Psychology -- Imotional Inteligence
9 (RLIN) 100559
942 ## - ADDED ENTRY ELEMENTS (KOHA)
Source of classification or shelving scheme Dewey Decimal Classification
Koha item type English Books
Classification part 158.7
Call number suffix DAL
Holdings
Withdrawn status Lost status Damaged status Not for loan Home library Current library Date acquired Source of acquisition Cost, normal purchase price Total Checkouts Full call number Barcode Date last seen Date checked out Copy number Cost, replacement price Price effective from Koha item type Source of classification or shelving scheme Collection code Total Renewals
        Bawana Bawana 13/10/2015 Cen Lib/Ret 280.00 2 158.7 DAL B-119601 20/02/2021 06/02/2021 1 280.00 13/10/2015 English Books Dewey Decimal Classification   1
        Central Library Central Library 13/10/2015 Cen Lib/Ret 0.00 1 158.7 DAL B-119583 23/10/2017 29/09/2017 1 0.00 13/10/2015 English Books      
        Patel Nagar Patel Nagar 04/08/2018 BPPD/PUB 0.00 3 158.7 DAL B-119584 29/11/2019 14/11/2019   0.00 04/08/2018 English Books Dewey Decimal Classification Non-fiction  

© Delhi Public Library
Hit Counter
free hit counter